[Event "4NCL"]
[Site "Barcelo Hotel, Hinckley Island"]
[Date "2011.01.15"]
[Round "3.36"]
[White "Valentine, Brian J"]
[Black "Shaw, Matthew H"]
[Result "1/2-1/2"]
[WhiteElo "1972"]
[BlackElo "1919"]
[PlyCount "98"]
[EventDate "2011.??.??"]
[WhiteTeam "FCA Solutions 1"]
[BlackTeam "AMCA Rhinos"]

1. e4 e6 2. d3 d5 3. Nd2 c5 4. Ngf3 Nc6 5. g3 Bd6 6. Bg2 Nge7 7. O-O O-O 8. Re1
Qc7 9. Nf1 Bd7 10. h4 d4 11. h5 b5 12. N1h2 Rad8 13. h6 g6 14. Ng4 f5 15. e5
fxg4 16. exd6 Qxd6 17. Bf4 Rxf4 18. gxf4 gxf3 19. Qxf3 Nb4 20. Rac1 Bc6 21. Qg4
Nf5 22. Bxc6 Nxc6 23. Qg5 Rf8 24. Re4 Kf7 25. Rce1 Re8 26. a3 Re7 27. Qg2 e5
28. fxe5 Nxe5 29. Qh3 Qd5 30. Kf1 Nc6 31. Qf3 Kg8 32. Qf4 Qf7 33. Kg1 Qf8 34.
Rxe7 Ncxe7 35. Re5 Qc8 36. Qg5 Kf7 37. Qf4 Qc6 38. Qe4 Qd6 39. Qe2 Nxh6 40. Re4
Nhf5 41. Qd2 Qf6 42. Qf4 Nd5 43. Qb8 Qg5+ 44. Kf1 Nde7 45. Qe5 Qc1+ 46. Kg2
Qg5+ 47. Kf1 Qf6 48. Ke1 Qd6 49. Ke2 h5 1/2-1/2

[Event "4NCL"]
[Site "Barcelo Hotel, Hinckley Island"]
[Date "2011.01.15"]
[Round "3.37"]
[White "Tunks, Dominic"]
[Black "Taylor, Adam A"]
[Result "1/2-1/2"]
[WhiteElo "2076"]
[BlackElo "1828"]
[PlyCount "69"]
[EventDate "2011.??.??"]
[WhiteTeam "Wessex 2"]
[BlackTeam "Guildford A&DC 4"]

1. e4 c5 2. Nf3 Nc6 3. d4 cxd4 4. Nxd4 Nf6 5. Nc3 e6 6. g3 Bb4 7. Bg2 d5 8. O-O
Bxc3 9. bxc3 Nxe4 10. Bxe4 dxe4 11. Ba3 Nxd4 12. cxd4 Qa5 13. Qc1 f6 14. Rb1
Kf7 15. c4 b6 16. Qe3 Ba6 17. Rfc1 Rac8 18. Rb4 Rhd8 19. Qb3 b5 20. c5 Rc6 21.
Rb1 Rd5 22. Bc1 f5 23. Be3 h5 24. a4 bxa4 25. Rxa4 Qc7 26. Rba1 Qc8 27. Qa3 Be2
28. Rxa7+ Kf6 29. Qb2 Bf3 30. Ra8 Qd7 31. R8a7 Rc7 32. Qb6 Rxa7 33. Rxa7 Qc8
34. Rc7 Qa8 35. Ra7 1/2-1/2

[Event "4NCL"]
[Site "Barcelo Hotel, Hinckley Island"]
[Date "2011.01.15"]
[Round "3.37"]
[White "Deswarte, Ian"]
[Black "Furjel, Andrej"]
[Result "1/2-1/2"]
[WhiteElo "1876"]
[BlackElo "2031"]
[PlyCount "44"]
[EventDate "2011.??.??"]
[WhiteTeam "Guildford A&DC 4"]
[BlackTeam "Wessex 2"]

1. e4 c6 2. d4 d5 3. e5 Bf5 4. Nc3 a6 5. Nge2 e6 6. Ng3 Bg6 7. h4 h6 8. Be3 Nd7
9. Bd3 Bxd3 10. cxd3 Qb6 11. Qc2 h5 12. a3 a5 13. Na4 Qa6 14. Bf4 Ne7 15. Ke2
Qa7 16. Be3 Ng6 17. Qc3 Be7 18. b4 Bxh4 19. Nc5 Bxg3 20. fxg3 Ne7 21. g4 b5 22.
Bg5 Ng6 1/2-1/2

[Event "4NCL"]
[Site "Barcelo Hotel, Hinckley Island"]
[Date "2011.01.15"]
[Round "3.38"]
[White "Denton, John R"]
[Black "Bennett, Dominic"]
[Result "0-1"]
[WhiteElo "2062"]
[BlackElo "2011"]
[PlyCount "90"]
[EventDate "2011.??.??"]
[WhiteTeam "e2e4.org.uk 3"]
[BlackTeam "Bristol 2"]

1. Nf3 c5 2. c4 Nc6 3. Nc3 e5 4. d3 Nge7 5. g3 d6 6. Bg2 f5 7. O-O g6 8. a3 Bg7
9. Rb1 Be6 10. Bd2 h6 11. b4 Qd7 12. b5 Nd8 13. a4 g5 14. a5 Rb8 15. Ne1 f4 16.
e3 O-O 17. Nd5 Nxd5 18. cxd5 Bh3 19. Qa4 b6 20. a6 Rf6 21. Bxh3 Qxh3 22. exf4
gxf4 23. Qe4 Nf7 24. Qg2 Qd7 25. h4 Nh8 26. Nf3 Qf7 27. Nh2 f3 28. Qh3 Qxd5 29.
Ng4 Rf7 30. Bxh6 Rbf8 31. Ne3 Qa8 32. Bxg7 Rxg7 33. Qe6+ Kh7 34. Qxd6 Qc8 35.
Qxe5 Qh3 36. Rfc1 Ng6 37. Qh5+ Kg8 38. Rc4 Nf4 39. Qxf3 Nxd3 40. Qd5+ Kh8 41.
Rg4 Nxf2 42. Qh5+ Kg8 43. Rxg7+ Kxg7 44. Qg5+ Kh7 45. Rf1 Qh1# 0-1

[Event "4NCL"]
[Site "Barcelo Hotel, Hinckley Island"]
[Date "2011.01.15"]
[Round "3.38"]
[White "Humphreys, Jerry G"]
[Black "Garnett, John S"]
[Result "1-0"]
[WhiteElo "2066"]
[BlackElo "2028"]
[PlyCount "67"]
[EventDate "2011.??.??"]
[WhiteTeam "Bristol 2"]
[BlackTeam "e2e4.org.uk 3"]

1. c4 e5 2. g3 Nf6 3. Bg2 c6 4. d4 Bb4+ 5. Bd2 Bxd2+ 6. Qxd2 e4 7. d5 cxd5 8.
cxd5 O-O 9. Nc3 Re8 10. e3 Na6 11. Nge2 Nc5 12. O-O a5 13. d6 Qb6 14. Rfd1 Ra6
15. Nf4 Qb4 16. Nfd5 Nxd5 17. Nxd5 Qxd2 18. Rxd2 Rxd6 19. Ne7+ Rxe7 20. Rxd6
Re8 21. Rad1 Kf8 22. R1d5 Ke7 23. Re5+ Ne6 24. Rb6 d6 25. Rxe4 f5 26. Rh4 Nc5
27. Rxh7 Rg8 28. b3 Ke6 29. a3 Nd7 30. Rb5 Nf6 31. Rh4 Bd7 32. Rxa5 b6 33. Ra6
b5 34. Rd4 1-0

[Event "4NCL"]
[Site "Barcelo Hotel, Hinckley Island"]
[Date "2011.01.15"]
[Round "3.38"]
[White "Ireland, David J"]
[Black "Thompson, Robert"]
[Result "0-1"]
[WhiteElo "2019"]
[BlackElo "1900"]
[PlyCount "84"]
[EventDate "2011.??.??"]
[WhiteTeam "e2e4.org.uk 3"]
[BlackTeam "Bristol 2"]

1. d4 Nf6 2. c4 g6 3. Nc3 Bg7 4. e4 d6 5. Nf3 O-O 6. Be2 Na6 7. O-O e5 8. d5
Nc5 9. Qc2 a5 10. b3 Ne8 11. Ne1 f5 12. f3 f4 13. Nd3 g5 14. Bd2 g4 15. fxg4
Qg5 16. Be1 Bxg4 17. Bxg4 Qxg4 18. Nxc5 dxc5 19. Qf2 b6 20. Qf3 Qg6 21. Nb5 Rf7
22. Bc3 Nd6 23. Nxd6 cxd6 24. a3 Bf6 25. Kh1 h5 26. g3 Bg5 27. Bd2 Kh7 28. gxf4
Bxf4 29. Bxf4 Rxf4 30. Qg2 Qxg2+ 31. Kxg2 Rg8+ 32. Kh3 Rxe4 33. Rf7+ Kh6 34.
Raf1 Rg6 35. R1f3 a4 36. Rb7 axb3 37. Rxb6 Rxc4 38. Rbxb3 Rd4 39. Rfd3 Rgg4 40.
Rf3 Rxd5 41. Rb8 e4 42. Re3 Rd3 0-1

[Event "4NCL"]
[Site "Barcelo Hotel, Hinckley Island"]
[Date "2011.01.15"]
[Round "3.38"]
[White "Dunlop, Neil J"]
[Black "Norinkeviciute, Rasa"]
[Result "0-1"]
[WhiteElo "1923"]
[BlackElo "2022"]
[PlyCount "42"]
[EventDate "2011.??.??"]
[WhiteTeam "Bristol 2"]
[BlackTeam "e2e4.org.uk 3"]

1. e4 c5 2. Nc3 d6 3. g3 g6 4. Bg2 Bg7 5. d3 Nc6 6. f4 Nf6 7. Nf3 O-O 8. O-O
Nd4 9. h3 Rb8 10. Be3 Nd7 11. Qd2 b5 12. Rab1 f5 13. Ne2 e5 14. fxe5 Nxf3+ 15.
Bxf3 Nxe5 16. exf5 Nxf3+ 17. Rxf3 Bxf5 18. g4 Bd7 19. Rxf8+ Qxf8 20. Nf4 Re8
21. Rf1 Rxe3 0-1

[Event "4NCL"]
[Site "Barcelo Hotel, Hinckley Island"]
[Date "2011.01.15"]
[Round "3.38"]
[White "Burke, Steven J"]
[Black "Bromilow, Edward T"]
[Result "1/2-1/2"]
[WhiteElo "2040"]
[BlackElo "1930"]
[PlyCount "32"]
[EventDate "2011.??.??"]
[WhiteTeam "e2e4.org.uk 3"]
[BlackTeam "Bristol 2"]

1. f4 e5 2. fxe5 d6 3. Nf3 Nc6 4. Nc3 Nxe5 5. d4 Nxf3+ 6. exf3 Nf6 7. Bd3 d5 8.
Be3 Be7 9. Qd2 Be6 10. Ne2 Qd7 11. a3 O-O-O 12. b3 Bf5 13. Ng3 Bxd3 14. Qxd3
Rhe8 15. O-O g6 16. Rfe1 Bf8 1/2-1/2

[Event "4NCL"]
[Site "Barcelo Hotel, Hinckley Island"]
[Date "2011.01.15"]
[Round "3.38"]
[White "White, Martin"]
[Black "Webster, Richard J"]
[Result "1/2-1/2"]
[WhiteElo "1798"]
[BlackElo "1986"]
[PlyCount "90"]
[EventDate "2011.??.??"]
[WhiteTeam "Bristol 2"]
[BlackTeam "e2e4.org.uk 3"]

1. e4 e6 2. d4 d5 3. e5 c5 4. c3 Nc6 5. Nf3 Bd7 6. Be2 Nge7 7. a3 c4 8. Nbd2
Na5 9. O-O Bc6 10. Ng5 h6 11. Nh3 Qd7 12. f4 Ba4 13. Qe1 Bc2 14. Nf2 h5 15. Bd1
Bxd1 16. Qxd1 Rc8 17. Nh3 Nf5 18. Qe2 Be7 19. Ng5 Rc6 20. Ndf3 Rb6 21. Re1 Nb3
22. Rb1 Rh6 23. Qf2 Na5 24. Ra1 Kf8 25. Rf1 Rh8 26. Re1 Nc6 27. Nh4 Nxh4 28.
Qxh4 g6 29. Qf2 Nd8 30. Be3 Ra6 31. Qe2 Qc6 32. Bf2 b5 33. Bh4 Rb6 34. Ra2 Qb7
35. h3 Nc6 36. Kh2 a5 37. Rea1 Kg7 38. Nf3 Qd7 39. Bxe7 Nxe7 40. Ng5 Nf5 41.
Qf2 Rhb8 42. Qf3 R6b7 43. Qe2 Rh8 44. Qe1 Qe8 45. Qf2 Qb8 1/2-1/2

[Event "4NCL"]
[Site "Barcelo Hotel, Hinckley Island"]
[Date "2011.01.15"]
[Round "3.39"]
[White "Minnican, Alan"]
[Black "Cook, Michael P"]
[Result "1-0"]
[WhiteElo "2108"]
[BlackElo "2065"]
[PlyCount "103"]
[EventDate "2011.??.??"]
[WhiteTeam "Channel Isolani"]
[BlackTeam "Anglian Avengers 2"]

1. Nf3 d5 2. c4 e6 3. g3 Nf6 4. Bg2 c5 5. cxd5 exd5 6. d4 Nc6 7. O-O Bg4 8.
dxc5 Bxc5 9. Nc3 h6 10. Na4 Be7 11. Be3 O-O 12. Rc1 Re8 13. h3 Be6 14. Nc5 Bxc5
15. Rxc5 Ne4 16. Rc1 Qd7 17. Kh2 a6 18. Nd4 Nxd4 19. Qxd4 Nd6 20. Bf4 Nf5 21.
Qd2 Rac8 22. Rfd1 Ne7 23. b3 Rxc1 24. Rxc1 Rc8 25. Be5 Rxc1 26. Qxc1 Nc6 27.
Bb2 d4 28. Qc5 d3 29. Qc3 f6 30. Qxd3 Qxd3 31. exd3 Nb4 32. Bxb7 Nxd3 33. Bd4
Nb4 34. a3 Nc2 35. Bc5 Bxb3 36. Bxa6 Ne1 37. g4 g6 38. Kg3 Kf7 39. Bb5 Ke6 40.
Bf8 h5 41. gxh5 gxh5 42. Be2 f5 43. Bxh5 Nd3 44. f4 Nb2 45. Kh4 Nc4 46. Bb4 Ne3
47. Kg5 Nd5 48. Bg6 Bc2 49. h4 Nf6 50. h5 Ne4+ 51. Kh6 Kf6 52. Be8 1-0

[Event "4NCL"]
[Site "Barcelo Hotel, Hinckley Island"]
[Date "2011.01.15"]
[Round "3.39"]
[White "Wallis, Ian J"]
[Black "Tandy, Chris"]
[Result "0-1"]
[WhiteElo "1977"]
[BlackElo "2166"]
[PlyCount "78"]
[EventDate "2011.??.??"]
[WhiteTeam "Anglian Avengers 2"]
[BlackTeam "Channel Isolani"]

1. e4 e5 2. Nf3 Nc6 3. Bb5 f5 4. Nc3 Nd4 5. Bc4 c6 6. Nxe5 Qe7 7. Qh5+ g6 8.
Nxg6 Nf6 9. Qh4 hxg6 10. Qxh8 Nxc2+ 11. Kd1 Nxa1 12. exf5 Ng4 13. Qd4 gxf5 14.
Qf4 Bh6 15. Qf3 Qc5 16. Ne4 fxe4 17. Qxe4+ Kd8 18. Qxg4 d5 19. Qh5 Kc7 20. Qxh6
Qxc4 21. Qg7+ Bd7 22. Qc3 Qxa2 23. d3 Qa4+ 24. b3 Qxb3+ 25. Kd2 Qa2+ 26. Bb2
Nb3+ 27. Kc2 Re8 28. Re1 d4 29. Qxb3 Qxb3+ 30. Kxb3 Rxe1 31. Bxd4 a6 32. h3 Kd6
33. g4 Kd5 34. Be3 Rh1 35. g5 Rxh3 36. g6 Ke6 37. Bd4 Rxd3+ 38. Kc4 Rxd4+ 39.
Kxd4 Kf6 0-1

[Event "4NCL"]
[Site "Barcelo Hotel, Hinckley Island"]
[Date "2011.01.15"]
[Round "3.39"]
[White "Smith, David"]
[Black "Clapham, Michael JW"]
[Result "0-1"]
[WhiteElo "1726"]
[BlackElo "1916"]
[PlyCount "78"]
[EventDate "2011.??.??"]
[WhiteTeam "Channel Isolani"]
[BlackTeam "Anglian Avengers 2"]

1. d4 Nf6 2. Nf3 b6 3. c4 Bb7 4. e3 e6 5. a3 c5 6. Nc3 d5 7. cxd5 exd5 8. Be2
Be7 9. O-O O-O 10. b3 Nbd7 11. Bb2 Re8 12. Rc1 Rc8 13. Nd2 cxd4 14. exd4 Bd6
15. Re1 Nf8 16. Nf1 Ne6 17. a4 Bb4 18. Bb5 Re7 19. Re3 Bd6 20. Re1 a6 21. Bd3
Bb4 22. Re3 Rec7 23. Bb1 Bd6 24. Re1 Bf4 25. Rc2 Qd6 26. Ne2 Bh6 27. Rxc7 Rxc7
28. Nc3 Qb4 29. Na2 Qd6 30. Nc3 Kf8 31. Qd3 Qb4 32. Qd1 Qxd4 33. Qxd4 Nxd4 34.
Nxd5 Nf3+ 35. gxf3 Bxd5 36. Kg2 Bxb3 37. Ba3+ Kg8 38. Bd6 Rc8 39. Be7 Be6 0-1

[Event "4NCL"]
[Site "Barcelo Hotel, Hinckley Island"]
[Date "2011.01.15"]
[Round "3.40"]
[White "Hewitt, Sean D"]
[Black "Malhotra, Tarun"]
[Result "0-1"]
[WhiteElo "1923"]
[BlackElo "1926"]
[PlyCount "108"]
[EventDate "2011.??.??"]
[WhiteTeam "e2e4.org.uk 4"]
[BlackTeam "AMCA Hippos"]

1. e4 c5 2. Nc3 Nc6 3. f4 d6 4. Nf3 g6 5. Bc4 e6 6. O-O Bg7 7. a4 Nge7 8. d3
O-O 9. f5 exf5 10. Ng5 Ne5 11. Bb3 h6 12. Nf3 Be6 13. Bxe6 fxe6 14. Nxe5 dxe5
15. Be3 Rc8 16. b3 b6 17. Qd2 f4 18. Bf2 Nc6 19. Kh1 g5 20. g4 h5 21. h3 Qf6
22. Rg1 Qh6 23. Kh2 hxg4 24. Rxg4 Kf7 25. h4 Bf6 26. Rag1 Rcd8 27. Kg2 gxh4 28.
Kh3 Rg8 29. Qd1 Rxg4 30. Qxg4 Ne7 31. Nb5 Rd7 32. Na3 Qh7 33. Nc4 Nc6 34. Nd2
Nb4 35. Qd1 Rd8 36. Nf3 Rh8 37. Nh2 Nc6 38. Rg4 Qh6 39. Nf3 Ne7 40. Qe1 Qh5 41.
Nh2 Rh6 42. a5 Rg6 43. axb6 axb6 44. Qa1 Rxg4 45. Nxg4 Ng6 46. Qa7+ Be7 47.
Qxb6 f3 48. Ne3 Nf4+ 49. Kh2 Qg5 50. Qa5 Ng2 51. Qd2 Nxe3 52. Bxe3 Qg3+ 53. Kh1
Bg5 54. Bxg5 f2 0-1

[Event "4NCL"]
[Site "Barcelo Hotel, Hinckley Island"]
[Date "2011.01.15"]
[Round "3.40"]
[White "Kane, Robert"]
[Black "Ganger, Rajan"]
[Result "0-1"]
[WhiteElo "1892"]
[BlackElo "1919"]
[PlyCount "60"]
[EventDate "2011.??.??"]
[WhiteTeam "AMCA Hippos"]
[BlackTeam "e2e4.org.uk 4"]

1. d4 Nf6 2. Nf3 c5 3. d5 d6 4. c4 Bf5 5. Nc3 Nbd7 6. Nh4 Bg4 7. h3 Bh5 8. g4
Bg6 9. f4 Ne4 10. f5 Nxc3 11. bxc3 e6 12. Nxg6 hxg6 13. fxe6 Qh4+ 14. Kd2 fxe6
15. Qa4 b5 16. Qxb5 Rb8 17. Qa4 e5 18. Kc2 Be7 19. Bd2 Qf2 20. Qxa7 Bh4 21. Rb1
Rxb1 22. Kxb1 Ke7 23. Kc2 e4 24. e3 Bg3 25. Qa3 Qf3 26. Rg1 Bh2 27. Bg2 Qf2 28.
Rf1 Qxg2 29. Qc1 Rxh3 30. Qe1 Ne5 0-1

[Event "4NCL"]
[Site "Barcelo Hotel, Hinckley Island"]
[Date "2011.01.15"]
[Round "3.40"]
[White "Livesey, R Nigel"]
[Black "Cresswell, Mike J"]
[Result "1-0"]
[WhiteElo "1880"]
[BlackElo "1876"]
[PlyCount "91"]
[EventDate "2011.??.??"]
[WhiteTeam "e2e4.org.uk 4"]
[BlackTeam "AMCA Hippos"]

1. c4 Nf6 2. g3 g6 3. Bg2 c6 4. Nc3 Bg7 5. e4 d6 6. Nge2 Nbd7 7. O-O O-O 8. d3
Re8 9. h3 Nf8 10. Be3 Bd7 11. b4 Ne6 12. Rb1 b6 13. b5 Rc8 14. bxc6 Bxc6 15.
Nd5 Nc5 16. Ndc3 e5 17. Qd2 Ne6 18. f4 exf4 19. gxf4 Nc5 20. f5 Bd7 21. fxg6
fxg6 22. Bg5 Ne6 23. Bh4 g5 24. Bxg5 Nxg5 25. Qxg5 Kh8 26. Nb5 Rc5 27. Qe3 Bxb5
28. Rxb5 Rxb5 29. cxb5 Nd7 30. d4 Rf8 31. Rxf8+ Bxf8 32. Ng3 Qc7 33. Nf5 Qc4
34. Qb3 Qc1+ 35. Kh2 Nf6 36. Qf7 Qf4+ 37. Kg1 Qc1+ 38. Bf1 Qg5+ 39. Kh1 Bh6 40.
h4 Qg6 41. Qxg6 hxg6 42. Nxh6 Kg7 43. e5 dxe5 44. dxe5 Ne4 45. Ng4 Nc3 46. Bc4
1-0

[Event "4NCL"]
[Site "Barcelo Hotel, Hinckley Island"]
[Date "2011.01.15"]
[Round "3.40"]
[White "Lawson, Maurice E"]
[Black "Booley, Graham M"]
[Result "1-0"]
[WhiteElo "1832"]
[BlackElo "1790"]
[PlyCount "33"]
[EventDate "2011.??.??"]
[WhiteTeam "AMCA Hippos"]
[BlackTeam "e2e4.org.uk 4"]

1. e4 e5 2. Nf3 Nc6 3. Bc4 Nf6 4. d3 h6 5. c3 d6 6. Bb3 Bg4 7. Nbd2 Be7 8. Nf1
O-O 9. h3 Bh5 10. g4 Bg6 11. Ng3 Nh7 12. h4 Nf6 13. g5 hxg5 14. hxg5 Nh7 15.
Nh4 Kh8 16. Nxg6+ fxg6 17. Qg4 1-0

[Event "4NCL"]
[Site "Barcelo Hotel, Hinckley Island"]
[Date "2011.01.15"]
[Round "3.40"]
[White "Fowler, David J"]
[Black "Jerzynek, Neil"]
[Result "1/2-1/2"]
[WhiteElo "1719"]
[BlackElo "1610"]
[PlyCount "89"]
[EventDate "2011.??.??"]
[WhiteTeam "e2e4.org.uk 4"]
[BlackTeam "AMCA Hippos"]

1. e4 c5 2. Nc3 Nc6 3. f4 d6 4. Nf3 Bg4 5. Bb5 a6 6. Bxc6+ bxc6 7. O-O e6 8.
Qe1 Bxf3 9. Rxf3 Be7 10. d3 f5 11. Bd2 Nh6 12. Na4 O-O 13. Ba5 Qe8 14. exf5
exf5 15. Qe6+ Qf7 16. Re1 Qxe6 17. Rxe6 Kf7 18. Rfe3 Bf6 19. Bc3 Bxc3 20. Re7+
Kg8 21. Nxc3 Rf7 22. h3 Kf8 23. R7e6 Rd8 24. Na4 Ng8 25. b3 Rf6 26. Kf2 Rxe6
27. Rxe6 Kf7 28. Re2 Nf6 29. c4 Nd7 30. Kf3 h6 31. g3 g5 32. Nb2 Nf6 33. Na4
Re8 34. Rxe8 Nxe8 35. g4 Kf6 36. Nc3 Nc7 37. Ne2 d5 38. gxf5 Kxf5 39. Ng3+ Kf6
40. Nh5+ Kf5 41. Ng3+ Kf6 42. Nh5+ Kg6 43. Kg4 Ne8 44. f5+ Kf7 45. a3 1/2-1/2

[Event "4NCL"]
[Site "Barcelo Hotel, Hinckley Island"]
[Date "2011.01.15"]
[Round "3.40"]
[White "Dixit, Kumar"]
[Black "Homer, Neil S"]
[Result "1-0"]
[WhiteElo "1650"]
[BlackElo "1673"]
[PlyCount "80"]
[EventDate "2011.??.??"]
[WhiteTeam "AMCA Hippos"]
[BlackTeam "e2e4.org.uk 4"]

1. d4 d5 2. Nf3 Nf6 3. c4 c6 4. Nc3 dxc4 5. a4 Bf5 6. e3 e6 7. Bxc4 Bb4 8. O-O
O-O 9. Re1 h6 10. Qb3 a5 11. Bd2 Qe7 12. Na2 Bxd2 13. Nxd2 Na6 14. e4 Bg6 15.
d5 Qd7 16. dxc6 bxc6 17. Rad1 Qa7 18. Qe3 Qxe3 19. Rxe3 Nc5 20. Nc3 Rfd8 21. f3
Rab8 22. b3 Kf8 23. Kf1 Rb6 24. Ne2 e5 25. Ke1 Ke7 26. Nb1 Rxd1+ 27. Kxd1 Nxa4
28. bxa4 Rxb1+ 29. Kc2 Rb4 30. Bb3 Kd8 31. Rc3 Kc7 32. Rc5 Nd7 33. Rxa5 Kb6 34.
Ra8 Kb7 35. Re8 Rxb3 36. Kxb3 Nc5+ 37. Kb4 Ne6 38. Nc3 c5+ 39. Kc4 Kc6 40. a5
f6 1-0

[Event "4NCL"]
[Site "Barcelo Hotel, Hinckley Island"]
[Date "2011.01.15"]
[Round "3.41"]
[White "Galloway, Iain A"]
[Black "Vikanis, Georgs"]
[Result "1-0"]
[WhiteElo "2109"]
[BlackElo "2042"]
[PlyCount "51"]
[EventDate "2011.??.??"]
[WhiteTeam "Warwickshire Select 2"]
[BlackTeam "Banbury Bulldogs"]

1. e4 Nf6 2. e5 Nd5 3. b3 g6 4. Bb2 Bg7 5. c4 Nb6 6. d4 d6 7. exd6 cxd6 8. Nf3
Bg4 9. Be2 N8d7 10. O-O O-O 11. h3 Bf5 12. Nbd2 e5 13. g4 e4 14. Ne1 Bh6 15.
Ng2 e3 16. fxe3 Be6 17. d5 Bxd5 18. cxd5 Nxd5 19. Nc4 N7b6 20. Qd4 f6 21. Nxb6
Nxb6 22. Rxf6 Rxf6 23. Qxf6 Qxf6 24. Bxf6 Nd5 25. Bc4 Kf7 26. Bd4 1-0

[Event "4NCL"]
[Site "Barcelo Hotel, Hinckley Island"]
[Date "2011.01.15"]
[Round "3.41"]
[White "Webster, Paul"]
[Black "Vikanis, Egils"]
[Result "1-0"]
[WhiteElo "2034"]
[BlackElo "1882"]
[PlyCount "91"]
[EventDate "2011.??.??"]
[WhiteTeam "Warwickshire Select 2"]
[BlackTeam "Banbury Bulldogs"]

1. d4 d5 2. Nf3 Nf6 3. c4 e6 4. Nc3 Be7 5. Bg5 O-O 6. e3 Ne4 7. Bxe7 Qxe7 8.
Bd3 f5 9. Qb3 c6 10. O-O Nd7 11. Rad1 Rb8 12. Ne5 Nxe5 13. dxe5 Nxc3 14. Qxc3
b6 15. f4 Bb7 16. b4 c5 17. a3 Rbd8 18. Be2 Rd7 19. Rd2 Rfd8 20. Rfd1 Bc6 21.
cxd5 Rxd5 22. Bc4 cxb4 23. axb4 Rxd2 24. Rxd2 Rxd2 25. Qxd2 Qd7 26. Qxd7 Bxd7
27. b5 Kf8 28. Kf2 Ke7 29. e4 g6 30. exf5 gxf5 31. Kg3 Kf7 32. Kh4 Kg7 33. h3
Kg6 34. g4 fxg4 35. hxg4 h6 36. Bd3+ Kg7 37. f5 exf5 38. gxf5 Be8 39. Bc4 Kh7
40. Kg4 Kg7 41. Kf4 Bh5 42. f6+ Kf8 43. Kf5 Ke8 44. e6 Kf8 45. Bd5 Be8 46. e7#
1-0

[Event "4NCL"]
[Site "Barcelo Hotel, Hinckley Island"]
[Date "2011.01.15"]
[Round "3.41"]
[White "Jackson, Gary C"]
[Black "Cooper, David M"]
[Result "1/2-1/2"]
[WhiteElo "1874"]
[BlackElo "2073"]
[PlyCount "47"]
[EventDate "2011.??.??"]
[WhiteTeam "Banbury Bulldogs"]
[BlackTeam "Warwickshire Select 2"]

1. e4 e6 2. d4 d5 3. exd5 exd5 4. h3 Bd6 5. Bd3 Nc6 6. c3 Nge7 7. Nf3 h6 8. O-O
O-O 9. Re1 Bf5 10. Qc2 Qd7 11. Bxf5 Qxf5 12. Qxf5 Nxf5 13. Nbd2 Rfe8 14. Rxe8+
Rxe8 15. Kf1 h5 16. Nb3 f6 17. Bd2 Kf7 18. Re1 Rxe1+ 19. Kxe1 b6 20. Nc1 g5 21.
Nd3 a5 22. Ng1 Ke6 23. Ke2 Nce7 24. f4 1/2-1/2

[Event "4NCL"]
[Site "Barcelo Hotel, Hinckley Island"]
[Date "2011.01.15"]
[Round "3.42"]
[White "Almond, Richard J"]
[Black "Jones, Victor GL"]
[Result "1/2-1/2"]
[WhiteElo "2145"]
[BlackElo "2119"]
[PlyCount "94"]
[EventDate "2011.??.??"]
[WhiteTeam "e2e4.org.uk 2"]
[BlackTeam "KJCA Kings"]

1. d4 Nf6 2. c4 e6 3. Nc3 Bb4 4. Qc2 O-O 5. a3 Bxc3+ 6. Qxc3 Qe8 7. f3 d5 8. e3
a5 9. b3 c6 10. a4 Na6 11. Ba3 Nb4 12. Nh3 e5 13. dxe5 Bxh3 14. gxh3 Nd7 15. f4
Qe7 16. Rg1 Nc5 17. Bxb4 axb4 18. Qb2 Rad8 19. O-O-O b5 20. axb5 dxc4 21. Bxc4
cxb5 22. Bd5 Qc7 23. Kb1 Rxd5 24. Rxd5 Ne4 25. Rd3 Nc3+ 26. Rxc3 bxc3 27. Qg2
g6 28. Qe4 Qa5 29. e6 Qa3 30. exf7+ Rxf7 31. Qe8+ Kg7 32. Qe5+ Rf6 33. Qxc3 b4
34. Qb2 Qa8 35. Qe5 Qa6 36. Rd1 Qc6 37. Rc1 Qe6 38. Rc7+ Kg8 39. Qxe6+ Rxe6 40.
Rb7 Rxe3 41. Rxb4 Rxh3 42. Kc2 Rxh2+ 43. Kd3 h5 44. Ke4 Re2+ 45. Kf3 Rc2 46.
Rb7 Rc3+ 47. Kg2 h4 1/2-1/2

[Event "4NCL"]
[Site "Barcelo Hotel, Hinckley Island"]
[Date "2011.01.15"]
[Round "3.42"]
[White "Jones, William EG"]
[Black "Sugden, John N"]
[Result "1/2-1/2"]
[WhiteElo "2115"]
[BlackElo "2193"]
[PlyCount "56"]
[EventDate "2011.??.??"]
[WhiteTeam "KJCA Kings"]
[BlackTeam "e2e4.org.uk 2"]

1. e4 c6 2. c4 e5 3. d4 d6 4. Nc3 Nd7 5. Nf3 Ngf6 6. h3 g6 7. Be3 Bg7 8. Qc2
O-O 9. g4 exd4 10. Nxd4 Nc5 11. g5 Nfd7 12. O-O-O Qe7 13. Bg2 a5 14. f4 Nb6 15.
b3 a4 16. Rhe1 axb3 17. axb3 Qc7 18. Kd2 Bd7 19. Ra1 Rfe8 20. Ke2 Rxa1 21. Rxa1
f5 22. gxf6 Bxf6 23. Kf2 Ne6 24. Nxe6 Bxe6 25. Rf1 Qg7 26. Ne2 Nc8 27. Kg1 Qh6
28. Rf3 Qh4 1/2-1/2

[Event "4NCL"]
[Site "Barcelo Hotel, Hinckley Island"]
[Date "2011.01.15"]
[Round "3.42"]
[White "Mansson, James C"]
[Black "Foord, Dominic"]
[Result "0-1"]
[WhiteElo "2128"]
[BlackElo "2045"]
[PlyCount "119"]
[EventDate "2011.??.??"]
[WhiteTeam "e2e4.org.uk 2"]
[BlackTeam "KJCA Kings"]

1. Nf3 Nf6 2. c4 e6 3. g3 b6 4. Bg2 Bb7 5. O-O c5 6. Nc3 Be7 7. Re1 Ne4 8. Nxe4
Bxe4 9. d3 Bb7 10. e4 O-O 11. d4 cxd4 12. Nxd4 a6 13. b3 d6 14. Bb2 Nd7 15. f4
Qc7 16. Rc1 Rfe8 17. Kh1 Bf6 18. Ba3 Rad8 19. Nf3 Be7 20. Qe2 Qb8 21. Rcd1 Nc5
22. Nd4 Qa8 23. Bb2 Bf6 24. Kg1 Be7 25. Ba1 Bf8 26. b4 Nd7 27. a3 Qa7 28. Kh1
Qb8 29. Nf3 e5 30. f5 Bc6 31. Qa2 Nf6 32. Ng5 Qb7 33. Qe2 b5 34. cxb5 axb5 35.
Rc1 h6 36. Nh3 d5 37. Nf2 Rc8 38. Rcd1 Bd6 39. exd5 Nxd5 40. Ne4 Bf8 41. Qg4
Kh8 42. Qe2 f6 43. h4 Red8 44. Bb2 Nb6 45. Bc1 Nc4 46. Kh2 Qb8 47. Qg4 Rd4 48.
Rxd4 exd4 49. Nc5 Bxg2 50. Kxg2 Bxc5 51. bxc5 Re8 52. Rxe8+ Qxe8 53. Qxd4 Qe2+
54. Qf2 Qe4+ 55. Kh2 Ne5 56. Kg1 Ng4 57. Qd2 Qxf5 58. Qf4 Qxc5+ 59. Kg2 Ne5 60.
Kh3 0-1

[Event "4NCL"]
[Site "Barcelo Hotel, Hinckley Island"]
[Date "2011.01.15"]
[Round "3.42"]
[White "Maguire, Robert"]
[Black "McIntyre, Paul"]
[Result "1-0"]
[WhiteElo "1925"]
[BlackElo "2115"]
[PlyCount "125"]
[EventDate "2011.??.??"]
[WhiteTeam "KJCA Kings"]
[BlackTeam "e2e4.org.uk 2"]

1. e4 c5 2. Nf3 d6 3. d4 cxd4 4. Nxd4 Nf6 5. Nc3 Nc6 6. Be3 e5 7. Nb3 Be6 8. f3
Be7 9. Qd2 O-O 10. O-O-O a5 11. Kb1 a4 12. Nc1 a3 13. b3 Qa5 14. Nb5 Qxd2 15.
Rxd2 d5 16. Nc7 Rad8 17. exd5 Nxd5 18. Nxd5 Bxd5 19. Be2 Bb4 20. Rdd1 Be6 21.
Nd3 Bc3 22. Bc5 Rfe8 23. Bxa3 Nd4 24. Nc1 b5 25. Bd3 b4 26. Bb2 Rc8 27. Ne2
Nxe2 28. Bxe2 Bf5 29. Bc4 e4 30. Bxc3 bxc3 31. fxe4 Bxe4 32. Rhg1 g5 33. g3 Kg7
34. a4 g4 35. Rd7 Bg6 36. Rf1 Rf8 37. a5 Rcd8 38. Rfd1 Rxd7 39. Rxd7 Re8 40.
Rd1 Re5 41. a6 Be4 42. a7 Bf3 43. Rd8 Re1+ 44. Ka2 Rc1 45. Bd3 Rh1 46. a8=Q
Bxa8 47. Rxa8 Rxh2 48. Rc8 Rg2 49. Rxc3 Rxg3 50. Rc5 Kh6 51. Rf5 Kg7 52. b4 f6
53. b5 Re3 54. b6 g3 55. b7 g2 56. b8=Q g1=Q 57. Qc7+ Kh8 58. Qd8+ Qg8+ 59.
Qxg8+ Kxg8 60. Rxf6 Kg7 61. Rd6 Kf7 62. Rh6 Kg7 63. Rxh7+ 1-0

[Event "4NCL"]
[Site "Barcelo Hotel, Hinckley Island"]
[Date "2011.01.15"]
[Round "3.42"]
[White "Horspool, Philip J"]
[Black "Bayliss, Lyall CP"]
[Result "0-1"]
[WhiteElo "2138"]
[BlackElo "1963"]
[PlyCount "72"]
[EventDate "2011.??.??"]
[WhiteTeam "e2e4.org.uk 2"]
[BlackTeam "KJCA Kings"]

1. e4 e5 2. Bb5 a6 3. Ba4 b5 4. Bb3 Bb7 5. Qe2 Nf6 6. d3 Nc6 7. c3 Be7 8. Nf3
d6 9. Nbd2 Qd7 10. Nf1 h5 11. Bd2 h4 12. Ng5 d5 13. exd5 Na5 14. Bc2 Bxd5 15.
Ne3 Bc6 16. Nf3 Bd6 17. h3 Nh5 18. Ng4 f6 19. b4 Nb7 20. d4 O-O-O 21. Nxh4 Nf4
22. Bxf4 Rxh4 23. dxe5 Bxg2 24. Bg3 Rxh3 25. Rg1 Qc6 26. Qe3 Bxe5 27. Bf5+ Kb8
28. Nxe5 fxe5 29. Bxh3 Bxh3 30. Rd1 Rxd1+ 31. Kxd1 Bg4+ 32. Kc2 Qd5 33. Kb2 Be6
34. Ra1 Nd6 35. Kc1 Qh1+ 36. Kb2 Nc4+ 0-1